<?xml version="1.0" encoding="UTF-8"?>
<collection xmlns="http://www.loc.gov/MARC21/slim">
 <record>
  <leader>     na                 </leader>
  <controlfield tag="001">INLIS000000000023713</controlfield>
  <controlfield tag="005">20251219094440</controlfield>
  <datafield tag="035" ind1=" " ind2=" ">
   <subfield code="a">0010-1225000128</subfield>
  </datafield>
  <controlfield tag="008">251219                |          0 ind  </controlfield>
  <datafield tag="020" ind1=" " ind2=" ">
   <subfield code="a">9794857181</subfield>
  </datafield>
  <datafield tag="082" ind1=" " ind2=" ">
   <subfield code="a">D.304.695 881</subfield>
  </datafield>
  <datafield tag="084" ind1=" " ind2=" ">
   <subfield code="a">D.304.695 881 TIM i</subfield>
  </datafield>
  <datafield tag="100" ind1="0" ind2=" ">
   <subfield code="a">Tim BPS Kota Metro</subfield>
   <subfield code="e">Pengarang</subfield>
  </datafield>
  <datafield tag="245" ind1="1" ind2=" ">
   <subfield code="a">Indikator Kesejahteraan Rakyat Kota Metro 2008</subfield>
  </datafield>
  <datafield tag="250" ind1=" " ind2=" ">
   <subfield code="a">Cetakan 1</subfield>
  </datafield>
  <datafield tag="300" ind1=" " ind2=" ">
   <subfield code="a">65 halaman :</subfield>
   <subfield code="b">- ;</subfield>
   <subfield code="c">21 x 28 cm</subfield>
  </datafield>
  <datafield tag="650" ind1=" " ind2="4">
   <subfield code="a">Penduduk</subfield>
  </datafield>
  <datafield tag="650" ind1=" " ind2="4">
   <subfield code="a">Metro</subfield>
  </datafield>
  <datafield tag="505" ind1=" " ind2=" ">
   <subfield code="a">1. Kependudukan &#13;
2. Kesehatan &#13;
3. Pendidikan &#13;
4. Ketenagakerjaan &#13;
5. Perumahan</subfield>
  </datafield>
  <datafield tag="520" ind1=" " ind2=" ">
   <subfield code="a">ublikasi Indikator Kesejahteraan Rakyat (INKESKA) Kota Metro Tahun 2008 ini merupakan penerbitan yang kelima kalinya untuk BPS Kota Metro. Publikasi ini memuat informasi yang menggambarkan keadaan kesejahteraan masyarakat dan perubahan sosial yang telah terjadi selarna tahun 2008 di Kota Metro. Sumber data yang digunakan adalah data primer hasil survei yang dilaksanakan oleh BPS Kota Metro, yaitu hasil SUSENAS dan SUSEDA, serta data sekunder yang berasal dari dinas/instansi terkait lainnya.&#13;
&#13;
Kesejahteraan masyarakat meliputi bidang-bidang kehidupan yang sangat luas, yang tidak seluruhnya dapat diukur secara kuantitatif maupun kualitatif. Publikasi ini har?ya menyediakan data yang dapat diukur dan tersedia datanya. Namun juga disarankan bagi para pengguna data agar dalam menggunakan indikator-indikator yang disajikan harus memperhatikan konsep definisi serta time reference-nya. Karena untuk memperoleh gambaran yang terpadu dan relevan terkadang harus memperhatikan beberapa aspek sosial yang memiliki keterkaitan antara satu dengan yang lainnya.&#13;
&#13;
Publikasi ini dibuat atas kerjasama Badan Pusat Statistik Kota Metro dengan BAPPEDA Kota Metro. Kepada Bapak Walikota Metro dan semua pihak yang telah berpartisipasi dalam mengusahakan terwujudnya publikasi ini, baik secara langsung maupun tidak langsung, diucapkan terima kasih dan penghargaan yang setinggi-tingginya.&#13;
&#13;
Kami menyadari bahwa publikasi ini masih jauh dari sempurna, oleh sebab itu segala kritik dan saran sangat diharapkan untuk perbaikan publikasi ini di masa yang akan datang.</subfield>
  </datafield>
  <datafield tag="264" ind1=" " ind2=" ">
   <subfield code="a">Metro :</subfield>
   <subfield code="b">BPS Kota Metro,</subfield>
   <subfield code="c">2008</subfield>
  </datafield>
  <datafield tag="336" ind1=" " ind2=" ">
   <subfield code="2">rdacontent</subfield>
   <subfield code="a">Teks</subfield>
  </datafield>
  <datafield tag="337" ind1=" " ind2=" ">
   <subfield code="2">rdamedia</subfield>
   <subfield code="a">Tanpa Perantara</subfield>
  </datafield>
  <datafield tag="338" ind1=" " ind2=" ">
   <subfield code="2">rdacarrier</subfield>
   <subfield code="a">Lembar</subfield>
  </datafield>
  <datafield tag="504" ind1=" " ind2=" ">
   <subfield code="a">Bibliografi : 69 halaman</subfield>
  </datafield>
  <datafield tag="990" ind1=" " ind2=" ">
   <subfield code="a">078166</subfield>
  </datafield>
 </record>
</collection>
